000 00873nam a2200253 i 4500
001 78209
003 BD-RjUL
005 20211209083114.0
008 210811s1974 la a ||| | ara d
035 _a(BD-RjUL)78435
040 _aUkOxU
_beng
_erda
_cUkOxU
041 _aeng
082 _223
_a492.7072
_bQAA 1973
100 1 _a قلب, أحمد ;; Qabbish, Aḥmad,
_eauthor.
_9247005
245 1 3 _aالكامل في النحو والصرف والاعراب ;; al-Kamil fi al-nahw wa-al-sarf wa-al-i`rab /
_cتأليف أحمد قبش.;; Ahmad Qabbish.
250 _aal-Ṭabʻah al-sāniah.
264 1 _aLebanon :
_bDār al,-jil
_c1974
300 _a370 pages :
_billustrations ;
_c25 cm
336 _atext
_2rdacontent
337 _aunmediated
_2rdamedia
338 _avolume
_2rdacarrier
650 0 _aArabic language
_xStudy and teaching
_9247006
942 _2ddc
_cBK
999 _c78209
_d78209